Математическая модель и алгоритм решения задачи оптимизации размещения товара на распределительном центре с адресной системой хранения; Известия Томского политехнического университета [Известия ТПУ]; Т. 313, № 5: Управление, вычислительная техника и информатика
| Parent link: | Известия Томского политехнического университета [Известия ТПУ]/ Томский политехнический университет (ТПУ).— , 2000- Т. 313, № 5: Управление, вычислительная техника и информатика.— 2008.— [С. 173-176] |
|---|---|
| Autor principal: | |
| Altres autors: | , |
| Sumari: | Заглавие с титульного листа Электронная версия печатной публикации Разработана математическая модель и эвристический алгоритм решения задачи оптимизации размещения товаров на распределительном центре с адресной системой хранения. Проведено экспериментальное исследование предложенного алгоритма на распределительном центре группы компаний "Лама", г. Томск, выполнена оценка точности разработанного алгоритма методом оценки нижней границы. |
| Idioma: | rus |
| Publicat: |
2008
|
| Col·lecció: | Управление, вычислительная техника и информатика |
| Matèries: | |
| Accés en línia: | http://www.lib.tpu.ru/fulltext/v/Bulletin_TPU/2008/v313/i5/37.pdf |
| Format: | MixedMaterials Electrònic Capítol de llibre |
| KOHA link: | https://koha.lib.tpu.ru/cgi-bin/koha/opac-detail.pl?biblionumber=173700 |
MARC
| LEADER | 00000nla2a2200000 4500 | ||
|---|---|---|---|
| 001 | 173700 | ||
| 005 | 20231218161152.0 | ||
| 035 | |a (RuTPU)RU\TPU\book\188381 | ||
| 035 | |a RU\TPU\book\188380 | ||
| 090 | |a 173700 | ||
| 100 | |a 20091229d2008 k y0rusy50 ca | ||
| 101 | 0 | |a rus | |
| 102 | |a RU | ||
| 135 | |a drnn ---uucaa | ||
| 181 | 0 | |a i | |
| 182 | 0 | |a b | |
| 200 | 1 | |a Математическая модель и алгоритм решения задачи оптимизации размещения товара на распределительном центре с адресной системой хранения |f В. Н. Тюльменков, Ю. П. Ехлаков, О. М. Замятина | |
| 203 | |a Текст |c электронный | ||
| 215 | |a 1 файл (277 Кб) | ||
| 225 | 1 | |a Управление, вычислительная техника и информатика | |
| 300 | |a Заглавие с титульного листа | ||
| 300 | |a Электронная версия печатной публикации | ||
| 320 | |a [Библиогр.: с. 176 (6 назв.)] | ||
| 330 | |a Разработана математическая модель и эвристический алгоритм решения задачи оптимизации размещения товаров на распределительном центре с адресной системой хранения. Проведено экспериментальное исследование предложенного алгоритма на распределительном центре группы компаний "Лама", г. Томск, выполнена оценка точности разработанного алгоритма методом оценки нижней границы. | ||
| 337 | |a Adobe Reader | ||
| 461 | 1 | |0 (RuTPU)RU\TPU\book\176237 |t Известия Томского политехнического университета [Известия ТПУ] |f Томский политехнический университет (ТПУ) |d 2000- | |
| 463 | 1 | |0 (RuTPU)RU\TPU\book\188332 |x 1684-8519 |t Т. 313, № 5: Управление, вычислительная техника и информатика |v [С. 173-176] |d 2008 |p 191 с. | |
| 610 | 1 | |a математические модели | |
| 610 | 1 | |a оптимизация | |
| 610 | 1 | |a размещения | |
| 610 | 1 | |a товары | |
| 610 | 1 | |a распределительные центры | |
| 610 | 1 | |a адресные системы | |
| 610 | 1 | |a системы хранения | |
| 610 | 1 | |a эвристический алгоритм | |
| 610 | 1 | |a экспериментальные исследования | |
| 610 | 1 | |a труды учёных ТПУ | |
| 610 | 1 | |a электронный ресурс | |
| 700 | 1 | |a Тюльменков |b В. Н. | |
| 701 | 1 | |a Ехлаков |b Ю. П. | |
| 701 | 1 | |a Замятина |b О. М. |c специалист в области информатики и вычислительной техники |c доцент Томского политехнического университета, кандидат технических наук |f 1978- |g Оксана Михайловна |3 (RuTPU)RU\TPU\pers\25543 |9 11473 | |
| 801 | 1 | |a RU |b 63413507 |c 20090623 |g PSBO | |
| 801 | 2 | |a RU |b 63413507 |c 20211210 |g PSBO | |
| 856 | 4 | |u http://www.lib.tpu.ru/fulltext/v/Bulletin_TPU/2008/v313/i5/37.pdf | |
| 942 | |c CF | ||